Religious life: life of courageous souls (Record n. 37482)
[ formato base ]
| 000 -LEADER | |
|---|---|
| fixed length control field | 00616cam a2200205u 4500 |
| 001 - CONTROL NUMBER | |
| control field | 6079298 |
| 003 - CONTROL NUMBER IDENTIFIER | |
| control field | OSt |
| 005 - DATE AND TIME OF LATEST TRANSACTION | |
| control field | 20220918175935.0 |
| 008 - FIXED-LENGTH DATA ELEMENTS--GENERAL INFORMATION | |
| fixed length control field | 830302s1957 maua 000 0 eng |
| 010 ## - LIBRARY OF CONGRESS CONTROL NUMBER | |
| LC control number | 59028518 |
| 040 ## - CATALOGING SOURCE | |
| Original cataloging agency | DLC |
| Transcribing agency | CarP |
| Modifying agency | DLC |
| 050 00 - LIBRARY OF CONGRESS CALL NUMBER | |
| Classification number | BX2385 |
| Item number | .A6 |
| 100 1# - MAIN ENTRY--PERSONAL NAME | |
| Personal name | Alberione Giacomo Giuseppe, |
| Dates associated with a name | 1884- [from old catalog] |
| 9 (RLIN) | 228 |
| 245 10 - TITLE STATEMENT | |
| Title | Religious life: life of courageous souls |
| 260 ## - PUBLICATION, DISTRIBUTION, ETC. (IMPRINT) | |
| Place of publication, distribution, etc. | [Boston?] |
| Name of publisher, distributor, etc. | St. Paul Editions |
| Date of publication, distribution, etc. | [c1957] |
| 300 ## - PHYSICAL DESCRIPTION | |
| Extent | 107 p. |
| Other physical details | illus. |
| Dimensions | 22 cm. |
| 650 #0 - SUBJECT ADDED ENTRY--TOPICAL TERM | |
| Topical term or geographic name as entry element | Monastic and religious life. |
| 9 (RLIN) | 49 |
| 906 ## - LOCAL DATA ELEMENT F, LDF (RLIN) | |
| a | 0 |
| b | cbc |
| c | premunv |
| d | u |
| e | ncip |
| f | 19 |
| g | y-gencatlg |
| 942 ## - ADDED ENTRY ELEMENTS (KOHA) | |
| Source of classification or shelving scheme | Dewey Decimal Classification |
| Koha item type | LIBRO |
| Withdrawn status | Lost status | Source of classification or shelving scheme | Damaged status | Not for loan | Home library | Current library | Date acquired | Total Checkouts | Full call number | Date last seen | Price effective from | Koha item type |
|---|---|---|---|---|---|---|---|---|---|---|---|---|
| Dewey Decimal Classification | Buone Condizioni | Not For Loan | PAULUS-BIBLIOTECA | PAULUS-BIBLIOTECA | 11/04/2012 | 1111111 | 11/04/2012 | 11/04/2012 | LIBRO |